Elektronický obchod
Salvato in:
| Autore principale: | |
|---|---|
| Natura: | Libro |
| Lingua: | slovacco |
| Pubblicazione: |
Žilina :
Žilinská univerzita,
2004
|
| Edizione: | 1. vyd |
| Soggetti: | |
| Accesso online: | OBSAH |
| Tags: |
Nessun Tag, puoi essere il primo ad aggiungerne!!
|
MARC
| LEADER | 00000nam a22000003a 4500 | ||
|---|---|---|---|
| 001 | stu117960 | ||
| 005 | 20150617225913.0 | ||
| 008 | 060515s2004----xo------------------slo-d | ||
| 020 | |a 80-8070-192-X | ||
| 040 | |a STU |b slo | ||
| 041 | 0 | |a slo | |
| 044 | |a xo | ||
| 080 | |a 347.711 | ||
| 080 | |a 004.738.52 | ||
| 100 | 1 | |a Madleňák, Radovan |4 aut | |
| 245 | 1 | |a Elektronický obchod | |
| 250 | |a 1. vyd | ||
| 260 | |a Žilina : |b Žilinská univerzita, |c 2004 | ||
| 300 | |a 162 s | ||
| 650 | 7 | |a elektronické bankovníctvo |2 stusub | |
| 650 | 7 | |a elektronický obchod |2 stusub | |
| 650 | 7 | |a elektronické trhy |2 stusub | |
| 650 | 7 | |a internetový marketing |2 stusub | |
| 856 | 4 | |a https://sweb.mtf.stuba.sk/obsahy/Elektronicky_obchod_04 |u https://sweb.mtf.stuba.sk/obsahy/Elektronicky_obchod_04 |3 OBSAH | |
| 996 | |b 284M072987 |c M*S-1224-2 |l MMKN |s A |a 24 |w stu117960_0001 | ||
| 996 | |b 284M072988 |c M*S-1224-3 |l MMKN |s A |a 24 |w stu117960_0002 | ||
| 996 | |b 284M072989 |c M*S-1224-4 |l MMKN |s A |a 24 |w stu117960_0003 | ||
| 996 | |b 284M072990 |c M*S-1224-5 |l MMKN |s A |a 24 |w stu117960_0004 | ||
| 996 | |b 284M072986 |c M*S-1224-1 |l MMKN |s A |a 24 |w stu117960_0005 | ||